00726nam a2200205 i 450000100060000000300090000600500170001500700030003200800410003510000480007624500920012425000150021626000370023130000220026861000290029070000300031985200320034999900170038195201220039852588ES-MaACL20250830111224.0t|030901s1968 sp ||||1| cat d1 aChenu, Marie-Dominique (d1895-1990)93835014aEls cristians i l'acció temporal / cM.D. Chenu ; [traducció per Salvador Cabré]. a[1ª ed.]. a[Barcelona] : bEstela, c[1968] a179 p. ; c20 cm.24aIglesia Católica946391 aCabré, Salvador.933264 aES-MaACLjC-50497 bR.67252 c52588d52588 00104070aATENEOMbATENEOMcDEPO2d2008-01-17eSCl0oC-50497p1055271r2023-02-23 00:00:00w2023-02-23yMONOGRAFIA